License Plates of North America - Statistics

General Stats
  • This quiz has been taken 90 times
  • The average score is 14 of 23
Answer Stats
Picture Answer % Correct
Canada
94%
United States of America
92%
Costa Rica
87%
El Salvador
86%
Nicaragua
83%
Haiti
82%
Mexico
82%
Bahamas
77%
Guatemala
70%
Honduras
66%
Dominican Republic
59%
Belize
52%
Panama
52%
Antigua and Barbuda
46%
Cuba
46%
Grenada
45%
Jamaica
45%
St. Kitts and Nevis
45%
St. Lucia
45%
St. Vincent and the Grenadines
45%
Trinidad and Tobago
44%
Barbados
42%
Dominica
42%
No matching quizzes found
Score Distribution
Percent of People with Each Score
Percentile by Number Answered
Your Score History
You have not taken this quiz